| 000 | 00638cam a2200181Ki 4500 | ||
|---|---|---|---|
| 082 |
_a940.45 _bHUR |
||
| 100 | 1 |
_aHurd, Archibald, _949553 |
|
| 245 | 1 | 4 |
_aThe merchant navy _cby Archibald Hurd. |
| 260 |
_aNew York : _bLongmans, Green, _c1921-29. |
||
| 300 |
_a1 online resource (3 v.) : _bill., maps |
||
| 490 | 0 | _aHistory of the Great War | |
| 500 | _aIncludes index. | ||
| 526 |
_a0 _b0 _c0 _d940_450000000000000_HUR |
||
| 650 | 0 |
_aMerchant marine _zGreat Britain _xHistory. _949554 |
|
| 650 | 0 |
_aWorld War, 1914-1918 _xNaval operations. _949291 |
|
| 856 | 4 | 0 | _uhttp://catalog.hathitrust.org/api/volumes/oclc/2550327.html |
| 942 |
_2ddc _cBK |
||
| 999 |
_c552635 _d552635 |
||